Loading...
| History - European | 0 | 7 | 2 | 1 | 60 | 41 | 71.14 | 3 | 5 | 0.00 | 0.00 |
| History - American | 0 | 5 | 1 | 0 | 45 | 35 | 60.00 | 2 | 5 | 0.00 | 0.00 |
| History - World | 0 | 4 | 1 | 0 | 35 | 25 | 52.25 | 2 | 3 | 0.00 | 0.00 |
| History - Other | 0 | 4 | 1 | 0 | 35 | 42 | 63.75 | 2 | 4 | 0.00 | 0.00 |
| Science - Physics | 0 | 3 | 0 | 2 | 30 | 125 | 127.00 | 0 | 0 | 0.00 | 0.00 |
| Science - Chemistry | 0 | 3 | 0 | 1 | 30 | 97 | 107.67 | 0 | 0 | 0.00 | 0.00 |
| Religion | 0 | 2 | 0 | 0 | 20 | 25 | 70.50 | 1 | 2 | 0.00 | 0.00 |
| Fine Arts - Painting and Sculpture | 0 | 2 | 0 | 0 | 20 | 46 | 68.00 | 1 | 2 | 0.00 | 0.00 |
| Science - Biology | 0 | 1 | 0 | 1 | 10 | 119 | 119.00 | 0 | 0 | 0.00 | 0.00 |
| Literature - European | 0 | 1 | 0 | 1 | 10 | 135 | 135.00 | 0 | 0 | 0.00 | 0.00 |
| Current Events | 0 | 1 | 1 | 0 | 5 | 75 | 75.00 | 0 | 1 | 0.00 | 0.00 |
| Geography | 0 | 1 | 1 | 0 | 5 | 118 | 118.00 | 0 | 1 | 0.00 | 0.00 |
| Literature - American | 0 | 1 | 1 | 0 | 5 | 66 | 66.00 | 1 | 1 | 0.00 | 0.00 |
| Literature - British | 0 | 1 | 1 | 0 | 5 | 89 | 89.00 | 0 | 1 | 0.00 | 0.00 |
| Science - Other | 0 | 1 | 1 | 1 | 5 | 118 | 118.00 | 0 | 0 | 0.00 | 0.00 |
| Social Science | 0 | 0 | 1 | 0 | -5 | 0.00 | 0 | 0 | 0.00 | 0.00 | |
| Fine Arts - Other | 0 | 0 | 1 | 0 | -5 | 0.00 | 0 | 0 | 0.00 | 0.00 | |
| Other Academic | 0 | 0 | 1 | 0 | -5 | 0.00 | 0 | 0 | 0.00 | 0.00 |